| 000 | 00756nam a2200205 a 4500 | ||
|---|---|---|---|
| 003 | 0 | ||
| 005 | 20250522102609.0 | ||
| 008 | 030519s19uu xx 00 eng d | ||
| 050 |
_aPHS HQ 799.2.D38 _b.A45 2003 |
||
| 100 | _aAlimagno, Maria Aliw A. | ||
| 245 |
_aFashion trends : _battractive and/or unattractive to young adults? / _cMaria Aliw A. Alimagno. |
||
| 260 |
_aLas PiƱas City, Philippines : _bSouthville International School and Colleges, _c2003. |
||
| 300 |
_a40 pages : _bcolor illustrations ; _c28 cm. |
||
| 504 | _aIncludes bibliographical references. | ||
| 650 |
_aFashion _xPsychological aspects. |
||
| 650 |
_aClothing and dress _xSocial aspects. |
||
| 650 |
_aYouth _xClothing. |
||
| 650 |
_aFashion _xSocial aspects. |
||
| 942 |
_2lcc _cPASS |
||
| 999 |
_c96758 _d96758 |
||